Optimización heurística y redes neuronales
Gespeichert in:
| 1. Verfasser: | |
|---|---|
| Format: | Buch |
| Sprache: | Spanisch |
| Veröffentlicht: |
Madrid
Paraninfo
1996
|
| Ausgabe: | 1a. ed |
| Schlagworte: | |
| Tags: |
Tag hinzufügen
Keine Tags, Fügen Sie den ersten Tag hinzu!
|
MARC
| LEADER | 00000nam a2200000 a 4500 | ||
|---|---|---|---|
| 001 | UCK7894 | ||
| 003 | CL-VaPUC | ||
| 008 | 051230e19960000SP |||||||||||||||||spa|d | ||
| 020 | |a 8428322694 | ||
| 082 | 0 | 4 | |a 519.7 |b DIA |2 21 |
| 100 | 0 | |a Díaz Fernández, Adenso |e author |9 497589 | |
| 245 | 1 | 0 | |a Optimización heurística y redes neuronales |
| 250 | |a 1a. ed | ||
| 300 | |a 235 p | ||
| 942 | |c BK | ||
| 945 | |d 20051230 00:00:00 |a cmena | ||
| 260 | |a Madrid |b Paraninfo |c 1996 | ||
| 650 | 0 | |a Optimización matemática |9 259780 | |
| 650 | 0 | |a Programación de computadores |9 259531 | |
| 650 | 0 | |a Modelos matemáticos |9 259437 | |
| 650 | 0 | |a Redes neuronales |9 497590 | |
| 583 | |a last modification |c 20051230 00:00:00 |k Rodrigo Vera | ||
| 999 | |c 315730 |d 315728 | ||
| 952 | |0 0 |1 0 |2 ddc |4 0 |6 519_700000000000000_DIA_1996 |7 0 |8 A |9 389399 |a BIBING |b BIBING |c RES |d 2019-11-22 |i 4193563 |o 519.7 DIA 1996 |p 4193563 |r 2025-01-20 |w 2019-11-22 |y BK |k EII | ||